History by letter- F - Statistics

General Stats
  • This quiz has been taken 69 times
    58 since last reset
  • The average score is 16 of 25
Answer Stats
Question Answer % Correct
18) German girl who kept a diary of her life in hiding from the Nazisin Amsterdam during WW2 Anne Frank
100%
7) Austria-Hungary archduke assassinated by a Serbianrebel in 1914 in Sarajevo Franz Ferdinand
100%
2) The financial capital of Germany Frankfurt
98%
5) Islands off of Argentina fought over by ownershipfrom the UK Falkland
96%
16) Along with his queen Isabella, this man ruled as king of Spain during the 1400s Ferdinand
96%
13) American industrialist who pioneered a popular auto company in Detroit, introduced the Model T in 1908 Henry Ford
96%
6) Controversial Austrian credited with being the fatherof psychoanalysis Sigmund Freud
94%
9) Political system of authoritarianism and dictatorship byforced oppression, such as Italy during WW2 Fascism
87%
19) Influential founding father, well known for his kite experimenton early electricity Benjamin Franklin
83%
10) Danish island chain north of Scotland Faroe
81%
4) Ancient Chinese imperial palace built withinmodern day Beijing Forbidden City
74%
11) Scottish born physicist famous for the discoveryof penicillin Alexander Fleming
72%
8) Sociopolitical system during the Middle Agesin regard to land ownership for protection of lords/vassals Feudalism
72%
14) Day celebrated every year to memorialize US independencefrom British rule Fourth of July
72%
23) Portuguese explorer who was the first to circumnavigate theglobe during the age of exploration Ferdinand Magellan
58%
3) Former slave who became a staunchabolitionist and orator during the Civil War Frederick Douglass
55%
21) Region of Syria, Iraq, Israel and Jordan known as the cradleof civilization Fertile Crescent
53%
1) South Carolina stronghold where thefirst shots of the Civil War were fired Fort Sumter
45%
15) War between the British and French/Indians that began in1754, fighting for control of North America French and Indian War
45%
25) Spanish conquistador who led the conquest of the Incas Francisco Pizarro
43%
12) 13th president of the US who opened trade with Japan Millard Fillmore
38%
17) Italian friar who became a saint after his death in 1226 andfounded the order of the Franciscans Francis of Assisi
36%
24) Name for the influential patriots of the American Revolution thatled the quest for US independence Founding Fathers
26%
22) In Norse mythology, he is the great wolf and son of Loki Fenrir
11%
20) Influential leader of Islam and the youngest daughter of the prophet Muhammad Fatimah
9%
No matching quizzes found
Score Distribution
Percent of People with Each Score
Percentile by Number Answered
Your Score History
You have not taken this quiz since the last reset